书目信息 |
| 题名: |
跟着诗词去旅行
|
|
| 作者: | 郝娟菡 著 | |
| 分册: | ||
| 出版信息: | 成都 四川人民出版社 2019.10 |
|
| 页数: | 187页 | |
| 开本: | 24cm | |
| 丛书名: | 图说天下·国家地理系列 | |
| 单 册: | ||
| 中图分类: | K928.9 | |
| 科图分类: | ||
| 主题词: | 旅游指南--lu^ you zhi nan--中国 | |
| 电子资源: | ||
| ISBN: | 978-7-220-11458-8 | |
| 000 | 00911nam 2200241 450 | |
| 001 | 2035208597 | |
| 005 | 20201106094706.77 | |
| 010 | @a978-7-220-11458-8@dCNY29.90 | |
| 100 | @a20191106d2019 em y0chiy50 ea | |
| 101 | 0 | @achi |
| 102 | @aCN@b510000 | |
| 105 | @aa z 000yy | |
| 200 | 1 | @a跟着诗词去旅行@Agen zhe shi ci qu lu^ xing@f郝娟菡著 |
| 210 | @a成都@c四川人民出版社@d2019.10 | |
| 215 | @a187页@c彩图@d24cm | |
| 225 | 2 | @a图说天下·国家地理系列@Atu shuo tian xia · guo jia di li xi lie |
| 330 | @a本书是地理类旅游图书, 以诗词为“向导”, 精选中国30余个具有代表性的旅行胜地, 让读者在诗词营造的唯美意境里感受祖国大好河山的清婉与壮美, 在青山绿水、碧树繁花间感悟诗词的无穷魅力。 | |
| 410 | 0 | @12001 @a图说天下·国家地理系列 |
| 606 | 0 | @a旅游指南@Alu^ you zhi nan@y中国 |
| 690 | @aK928.9@v5 | |
| 701 | 0 | @a郝娟菡@Ahao juan han@4著 |
| 801 | 0 | @aCN@b人天书店@c20201025 |
| 905 | @aZUCC@dK928.9@eH137 | |
| 跟着诗词去旅行/郝娟菡著.-成都:四川人民出版社,2019.10 |
| 187页:彩图;24cm.-(图说天下·国家地理系列) |
| ISBN 978-7-220-11458-8:CNY29.90 |
| 本书是地理类旅游图书, 以诗词为“向导”, 精选中国30余个具有代表性的旅行胜地, 让读者在诗词营造的唯美意境里感受祖国大好河山的清婉与壮美, 在青山绿水、碧树繁花间感悟诗词的无穷魅力。 |
| ● |
| 相关链接 |
|
|
|
正题名:跟着诗词去旅行
索取号:K928.9/H137
 
预约/预借
| 序号 | 登录号 | 条形码 | 馆藏地/架位号 | 状态 | 备注 |
| 1 | 1481586 | 214815869 | 社科库309/309社科库 20排4列2层/ [索取号:K928.9/H137] | 在馆 | |
| 2 | 1481587 | 214815878 | 社科库309/309社科库 20排4列2层/ [索取号:K928.9/H137] | 在馆 |